Score 0/18 Timer 04:00
1 Play Today
Hint Answer % Correct
Public or Private?Public
97.6%
School ColorBlack
95.1%
School ColorWhite
95.1%
CityLubbock
92.7%
NIcknameRed Raiders
82.9%
ConferenceBig 12
80.5%
School ColorScarlet
75.6%
Founding Year1923
70.7%
MascotMasked Rider
68.3%
Hint Answer % Correct
Number of Departments10
56.1%
Conference Titles11
41.5%
StadiumJones AT&T Stadium
39%
Fight SongFight, Raiders, Fight
31.7%
Head CoachMatt Wells
24.4%
MottoFrom here, it's possible
19.5%
First PresidentPaul Horn
2.4%
Current PresidentLawrence Schovonec
2.4%
ChancellorTedd Mitchell
2.4%
Remove Ads.
Support Sporcle.
Get the best of Sporcle when you Go Orange. This ad-free experience offers more features, more stats, and more fun while also helping to support Sporcle. Thank you for becoming a member.

You're not logged in!

Compare scores with friends on all Sporcle quizzes.
OR
Log In

Show Comments

Extras

Top Quizzes Today


Score Distribution

Your Account Isn't Verified!

In order to create a playlist on Sporcle, you need to verify the email address you used during registration. Go to your Sporcle Settings to finish the process.

Report this User

Report this user for behavior that violates our Community Guidelines.

Details: